| 000 | 01077cam a2200265 4500 | ||
|---|---|---|---|
| 001 | ABS64684 | ||
| 008 | 011026n2001 000 0 eng u | ||
| 035 | _a(Sirsi) u115337 | ||
| 100 | _aEnglefield, | ||
| 245 | _aContracting online | ||
| 260 | _c2001 | ||
| 490 |
_aCorporate Briefing _v15(9) October 2001, 3-6(4) |
||
| 520 | _aThis article considers some of the issues which those doing business online should be thinking about when contracting online. It looks at the issues surrounding online contracting and how online contracts are formed. It then considers contracting in the context of downloading software in the light of a recent United States judgement. TAKEN FROM JOURNAL HEADNOTE. | ||
| 590 | _aABS | ||
| 650 | _aCONTRACTING | ||
| 650 | _aE-COMMERCE | ||
| 650 | _aEBUSINESS | ||
| 650 | _aSPECHT AND OTHERS V NETSCAPE COMMUNICATIONS CORP AND AMERICA ONLINE, INC | ||
| 650 | _aSOFTWARE | ||
| 650 | _aLICENSING | ||
| 650 | _aMANAGEMENT-BUSINESS MANAGEMENT | ||
| 650 | _aUNITED STATES | ||
| 690 | _aINFORMATION TECHNOLOGY-INTERNET | ||
| 942 | _n0 | ||
| 999 |
_c68690 _d68690 |
||